Zásady poskytovania knižničných služieb dospievajúcej mládeži v ľudových knižniciach Slovenskej socialistickej republiky

Podrobná bibliografia
Médium: Článok
Jazyk:slovenčina
Predmet:

MARC

LEADER 00000nab a2200000 a 4500
001 vtls000211410
003 SK-MaSNL
005 20260304213139.0
008 250423c1985 xo 0 slo
015 |a SNBRB19rr/mm-uuuuu 
035 |a CL0221524 
035 |a urn:nbn:sk:snk-abbels 
035 |a (urnnbn)urn:nbn:sk:snk:ar-000mmz 
035 |a (uuid)cd5e4635-7006-49fe-81a1-c326e967a259 
040 |a SNKBUCL  |b slo  |c SNKBUCL  |e AACR2 
041 0 |a slo 
044 |a xo  |c SK 
080 |a 024  |2 1981 
080 |a 027.5(437.6)  |2 1981 
080 |a 027.625  |2 1981 
245 0 0 |a Zásady poskytovania knižničných služieb dospievajúcej mládeži v ľudových knižniciach Slovenskej socialistickej republiky 
650 0 7 |a ľudové knižnice  |2 snkbucl  |9 256791 
650 0 7 |a práca s čitateľom  |2 snkbucl  |9 15565 
650 0 7 |a mládež  |2 snkbucl  |9 1575 
650 0 7 |a knižničné služby  |2 snkbucl  |9 64475 
655 7 |a články z novín a časopisov  |2 snkbucl  |9 267496 
655 7 |a články z odboru knihovníctvo  |2 snkbucl  |9 166141 
773 0 |t Čitateľ  |g Roč. 34, č. 3 (1985), s. príl. s. 1-4 
850 |a Slovenská národná knižnica 
852 |a Slovenská národná knižnica 
954 |a odborná, vedecká literatúra pôvodná (slovenská)  |2 lita 
958 |a article15 
958 |a RK 
958 |a KL 
958 |a OND 
958 |a EUIPO 
992 |a RBX 
999 |c 3134674  |d 3136604